| 000 | 01185nas a2200361 4500 | ||
|---|---|---|---|
| 001 | BR2012003407 | ||
| 003 | BR-BrBNA | ||
| 005 | 20231205120537.0 | ||
| 007 | ta | ||
| 008 | 230509b bl.|||p| |||| 00| 00por d | ||
| 040 |
_aBR-BrBNA _bpor _cBiblioteca Nacional de Agricultura |
||
| 041 | _a(Pt) | ||
| 072 | _aF04; F02 | ||
| 100 | 1 | _aCorrêa, F.L. de O. | |
| 100 | 1 | _aMendonça, V. | |
| 100 | 1 | _aAraújo, I.P. | |
| 100 | 1 | _aVichiatto, M. | |
| 100 | 1 | _aCidin, A.C.M. | |
| 100 | 1 | _aMendonça, L.F. de M. | |
| 245 | 1 | _aSubstratos e fertilizante de liberação controlada na produção de mudas de cacaueiro (Theobroma cacao L.) | |
| 246 | 1 | _aSubstrates and controlled-releasing fertilizer in the production of cacao seedlings (Theobroma cacao L.) | |
| 650 | _aCACAU | ||
| 650 | _aTHEOBROMA CACAO | ||
| 650 | _aFERTILIZANTE | ||
| 650 | _aSUBSTRATO DE CULTURA | ||
| 650 | _aMUDA | ||
| 650 | _aPROPAGAÇÃO VEGETATIVA | ||
| 650 | _aFERTILIDADE | ||
| 773 | 0 |
_tAgrotrópica (Brazil) _xISSN 0103-3816 _g(May-Dec 2011), v. 23(2-3) p. 87-94 _wBR2012003407 |
|
| 856 | 4 | 0 | _dLink DSPACE/MAPA BR2012003407 |
| 909 |
_a202311 _bLúcia _c55 _dLúcia Elande |
||
| 942 |
_2AGRIS _n0 _cANA |
||
| 999 |
_c219045 _d219045 |
||